000 00274nam a2200097Ia 4500
001 680179
005 20250826161336.0
008 250824s9999 xx 000 0 und d
245 0 _aMİNİ VE DOĞUM GÜNÜ PARTİSİ
_cCHRİSTİNE NÖSTLİNGER
260 _bGÜNIŞIĞI KİTAPLIĞI
999 _c680179
_d680179